| 000 | 00469nam a22001817a 4500 | ||
|---|---|---|---|
| 005 | 20250415124147.0 | ||
| 008 | 250411b |||||||| |||| 00| 0 eng d | ||
| 020 | _a978-93-84961-33-6 | ||
| 041 | _aeng | ||
| 082 | _a344.540 ADH- L | ||
| 100 |
_aADHIKARI, DR NANDITA _98611 |
||
| 245 | _aLAW AND MEDICINE | ||
| 250 | _a4TH ED. RE-PRINT . 2023 | ||
| 260 |
_aPRAYAGRAJ _bCENTRAL LAW PUBLICATION |
||
| 300 | _a584;P | ||
| 650 |
_aLEGAL STUDIES _98608 |
||
| 942 | _cBK | ||
| 999 |
_c8742 _d8740 |
||